| 000 | 00336nam a22001337a 4500 | ||
|---|---|---|---|
| 020 | _a81-7029-098-8 | ||
| 082 | _a005.133-TC KEL'M | ||
| 100 |
_aKELLY-BOOTLE, STAN _936796 |
||
| 245 | _aMASTERING TURBO C | ||
| 260 |
_aNEW DELHI _bBPB PUBLICATIONS _c1988 |
||
| 300 | _a578P | ||
| 650 |
_aMASTERING TURBO C _960759 |
||
| 942 | _cBK | ||
| 999 |
_c570409 _d570409 |
||